000 00833nam a22002297a 4500
003 BPGM
008 260619e1981 mx o|||g |||| 000 0 spa d
040 _bspa
041 _aspa
_hspa
082 0 4 _2900
_a008
100 _aRAMIREZ ALVAREZ, GUADALUPE JOSE.
_eAUTOR
245 _aCERRO DE LAS CAMPANAS
250 _aSEGUNDA EDICION
_b1981
260 _aMEXICO
_bGOBIERNO DEL ESTADO DE QUERETARO
_c1981
300 _a146 paginas
_b21.8 cm x 16.3 cm
336 _2rdacontent
_atexto
_btxt
337 _2rdamedia
_asin mediación
_bn
338 _2rdacarrier
_avolumen
_bnc
505 _aEstas obras ilustran y evocan el fusilamiento del emperador Maximiliano de Habsburgo y sus generales Miramón y Mejía en Querétaro en 1867, un hecho clave para la República Restaurada
650 _2GEOGRAFÍA E HISTORIA
942 _2ddc
_cCOLQ
999 _c68650
_d68650